000 01005nam a2200301 i 4500
003 DO-SdBNP
005 20250612094548.0
007 ta
008 250606s2016 dr 000 p spa d
020 _a9781535100229
040 _aDO-SdBNP
_bspa
_cBNPHU
_erda
041 _aspa
082 4 _aRD861.5
_bV422u
_222
100 1 _aVega, Román de la
_d1964-
_eautor
_4aut.
_987997
245 1 3 _aUn siglo de amor :
_b(poemas de amor) /
_cRomán de la Vega.
250 _aPrimera edición
264 _aNueva York, Estados Unidos :
_b[editor no identificado],
_c2016.
300 _a78 páginas ;
_c22 cm.
336 _atexto
_btxt
_2rdacontent
337 _asin mediación
_bn
_2rdamedia
338 _avolumen
_bnc
_2rdacarrier
500 _aIncluye datos biográficos del autor en la contracubierta.
590 _aInventariado, 2025/ YL
650 7 _aNovela dominicana
_9223
_2LEMB
650 7 _aLiteratura dominicana.
_967
_2LEMB
910 _aYLockward/ Validado. Control de calidad MFF
942 _2ddc
_cLBS1
999 _c59154
_d59154